Diagnosis and treatment planning skills for mental health professionals: a popular culture casebook approach (Record no. 31255)

MARC details
000 -LEADER
fixed length control field 00941nam a2200205 a 4500
008 - FIXED-LENGTH DATA ELEMENTS--GENERAL INFORMATION
fixed length control field 130520s2012 ||||||||||||||||| || u
020 ## - INTERNATIONAL STANDARD BOOK NUMBER
International Standard Book Number 9781412988827
050 ## - LIBRARY OF CONGRESS CALL NUMBER
Classification number BF 636.6 Sch
100 ## - MAIN ENTRY--PERSONAL NAME
Personal name Schwitzer, Alan M
245 10 - TITLE STATEMENT
Title Diagnosis and treatment planning skills for mental health professionals: a popular culture casebook approach
Statement of responsibility, etc. by Alan M. Schwitzer and Lawrence C. Rubin
260 ## - PUBLICATION, DISTRIBUTION, ETC.
Place of publication, distribution, etc. Los Angeles:
Name of publisher, distributor, etc. SAGE Publications
Date of publication, distribution, etc. 2012
300 ## - PHYSICAL DESCRIPTION
Extent xxi, 598p.: ill.
500 ## - GENERAL NOTE
General note Includes bibliographic references School of Medicine
650 ## - SUBJECT ADDED ENTRY--TOPICAL TERM
Topical term or geographic name entry element POPULAR CULTURE--UNITED STATES--CASE STUDIES
650 ## - SUBJECT ADDED ENTRY--TOPICAL TERM
Topical term or geographic name entry element COUNSELING--CASE STUDIES
650 ## - SUBJECT ADDED ENTRY--TOPICAL TERM
Topical term or geographic name entry element COUNSELING--METHODOLOGY
650 ## - SUBJECT ADDED ENTRY--TOPICAL TERM
Topical term or geographic name entry element MANAGED MENTAL HEALTH CARE--CASE STUDIES
700 ## - ADDED ENTRY--PERSONAL NAME
Personal name Rubin, Lawrence C
995 ## -
-- MEDICAL LIBRARY OPEN ACCESS
-- 902061
-- CBU-SCHOOL OF MEDICINE LIBRARY (Ndola)
-- BF 636.6 Sch
-- 1
-- AVAILABLE
-- May 21, 2013
-- 902061
-- Medical Library Open Access Collection
999 ## -
-- 31255
-- 31255
Holdings
Withdrawn status Lost status Source of classification or shelving scheme Damaged status Not for loan Permanent Location Current Location Shelving location Date acquired Total Checkouts Full call number Barcode Date last seen Price effective from Koha item type
          CBU-SCHOOL OF MEDICINE LIBRARY, NDOLA. CBU-SCHOOL OF MEDICINE LIBRARY, NDOLA.   11/30/2022   BF 636.6 Sch 902061 11/30/2022 11/30/2022 MONOGRAPH